I 25 libri più venduti di sempre - Statistics

Statistiche generali
  • Questo quiz è stato fatto 312 volte
  • Il punteggio medio è 12 su 25
Statistiche sulle risposte
AUTORE LIBRO COPIE VENDUTE % Corretto
Ignoti Bibbia 5-7 mlrd
94%
Maometto Corano >800 mln
93%
J.K. Rowling Harry Potter e la pietra filosofale 120 mln
81%
Carlo Collodi Le avventure di Pinocchio/Pinocchio 80 mln
72%
Antoine de Saint-Exupery Il Piccolo Principe 200 mln
70%
Miguel De Cervantes Don Chisciotte 500 mln
69%
J.K. Rowling Harry Potter e la camera dei segreti 77 mln
66%
J.R.R. Tolkien Lo Hobbit 100 mln
66%
J.K. Rowling Harry Potter e i Doni della Morte 65 mln
65%
J.K. Rowling Harry Potter e il calice di fuoco 65 mln
65%
J.K. Rowling Harry Potter e il prigioniero di Azkaban 65 mln
62%
J.K. Rowling Harry Potter e il principe mezzosangue 65 mln
60%
J.K. Rowling Harry Potter e l'Ordine della Fenice 65 mln
60%
Dan Brown Il codice da Vinci 80 mln
53%
Lewis Carroll Le avventure di Alice nel Paese delle Meraviglie/Alice 100 mln
52%
Agatha Christie Dieci piccoli indiani 100 mln
44%
J.R.R. Tolkien La Compagnia dell'anello 150 mln
37%
J.D. Salinger Il giovane Holden 65 mln
32%
Paulo Coelho L'Alchimista 150 mln
30%
C.S. Lewis Il leone, la strega e l'armadio 85 mln
11%
Charles Dickens Racconto di due città >200 mln
5%
Cao Xueqin Il sogno della camera rossa 100 mln
2%
Joseph Smith Libro di Mormon 190 mln
2%
Robert Baden-Powell Scautismo per ragazzi 100 mln
1%
H. Rider Haggard La donna eterna 83 mln
0%
Nessun quiz corrispondente trovato
Distribuzione punteggi
Percentuale di utenti per punteggio
Percentile per numero di risposta
I tuoi punteggi nel tempo
Non hai fatto questo quiz